| 000 | 00442nam a2200181Ia 4500 | ||
|---|---|---|---|
| 008 | 230524s9999 xx 000 0 und d | ||
| 020 | _a8120308387 | ||
| 082 |
_a585.56 _bABA |
||
| 100 | _aEverett E.Adam | ||
| 245 | 0 | _aProduction and Operations Management | |
| 250 | _a5TH | ||
| 260 |
_aNEW DELHI _bPHI _c2005 |
||
| 300 | _aXV;719 | ||
| 500 | _aQuantity Number: 42 | ||
| 650 | _aManagement | ||
| 700 | _a Ronald J.Ebert | ||
| 942 | _cBK | ||
| 999 |
_c29925 _d29925 |
||